[Event "LTU-ch Amateurs"]
[Site "Kaunas"]
[Date "2024.10.28"]
[Round "5"]
[White "Bondar, Martynas"]
[Black "Grybas, Gintaras"]
[Result "1-0"]
[WhiteElo "1840"]
[BlackElo "1943"]
[PlyCount "83"]
[EventDate "2024.10.26"]
[EventType "swiss"]
[EventRounds "7"]
[EventCountry "LTU"]
[SourceTitle "CB44_2024"]
[Source "Chessbase"]
[SourceDate "2024.10.30"]
[SourceVersion "1"]
[SourceVersionDate "2024.10.30"]
[SourceQuality "1"]

1. e4 c6 2. d4 d5 3. exd5 cxd5 4. Bd3 Nf6 5. h3 g6 6. Nf3 Bg7 7. 0-0 0-0 8. c3 b6 9. Re1 Re8 10. Bf4 Ba6 11. Bc2 Nbd7 12. Nbd2 Nf8 13. Ba4 b5 14. Bb3 Qb6 15. a3 Bb7 16. Ne5 a5 17. Nd3 e6 18. Nf3 Ba6 19. Nfe5 N8d7 20. Bc2 Nxe5 21. dxe5 Nd7 22. Be3 Qc7 23. f4 Bf8 24. Bd4 b4 25. cxb4 Bxd3 26. Bxd3 axb4 27. a4 Rec8 28. Bb5 Bc5 29. Rc1 Qb6 30. Bxd7 Bxd4+ 31. Kh1 Rd8 32. Bb5 Bxb2 33. Rc6 Qd4 34. Qg4 Qa7 35. Qg5 Rdc8 36. f5 Qf2 37. Rf1 Qd4 38. fxe6 Qxe5 39. Rxc8+ Rxc8 40. exf7+ Kg7 41. Be8 Rxe8 42. Qxe5+ 1-0

[Event "LTU-ch sf"]
[Site "Kaunas"]
[Date "2024.03.07"]
[Round "3"]
[White "Grybas, Gintaras"]
[Black "Vazgauskas, Povilas"]
[Result "1-0"]
[WhiteElo "1987"]
[BlackElo "1629"]
[PlyCount "97"]
[EventDate "2024.03.06"]
[EventType "swiss"]
[EventRounds "8"]
[EventCountry "LTU"]
[SourceTitle "CBM 219 Extra"]
[Source "ChessBase"]
[SourceDate "2024.05.31"]
[SourceVersion "1"]
[SourceVersionDate "2024.05.31"]
[SourceQuality "1"]

1. d4 d5 2. Bf4 Nf6 3. e3 c6 4. c3 Bg4 5. Qb3 Qb6 6. Bd3 Qxb3 7. axb3 Nbd7 8. b4 b5 9. f3 Be6 10. Ra6 Nb6 11. Bc7 Bc8 12. Ra2 Nc4 13. Kf2 Nd7 14. e4 Ncb6 15. Nd2 a6 16. Ne2 g6 17. Nb3 Ra7 18. Bg3 Nf6 19. Nc5 Bg7 20. Rha1 dxe4 21. fxe4 Nh5 22. Bb8 Ra8 23. Bc7 Nd7 24. Nxa6 0-0 25. h3 Nhf6 26. Nc5 Nxc5 27. bxc5 Bb7 28. Rxa8 Rxa8 29. Rxa8+ Bxa8 30. Be5 Nd7 31. Bxg7 Kxg7 32. Ke3 e5 33. Nc1 Kf6 34. Nb3 Ke6 35. Na5 f5 36. Bb1 f4+ 37. Kf3 g5 38. Ba2+ Ke7 39. b4 Nf6 40. dxe5 Nd7 41. Kg4 Nxe5+ 42. Kxg5 f3 43. gxf3 Nxf3+ 44. Kf4 Ng1 45. Ke3 Nxh3 46. Nb3 Ng5 47. Nd4 Bb7 48. e5 Nf7 49. Nf5+ 1-0

[Event "LTU-ch sf"]
[Site "Kaunas"]
[Date "2024.03.06"]
[Round "1"]
[White "Grybas, Gintaras"]
[Black "Alionis, Augustas"]
[Result "1-0"]
[WhiteElo "1987"]
[BlackElo "1535"]
[PlyCount "55"]
[EventDate "2024.03.06"]
[EventType "swiss"]
[EventRounds "8"]
[EventCountry "LTU"]
[SourceTitle "CBM 219 Extra"]
[Source "ChessBase"]
[SourceDate "2024.05.31"]
[SourceVersion "1"]
[SourceVersionDate "2024.05.31"]
[SourceQuality "1"]

1. d4 e6 2. c4 Bb4+ 3. Bd2 Bxd2+ 4. Qxd2 Nf6 5. Nc3 d6 6. Nf3 Qe7 7. g3 0-0 8. Bg2 c5 9. 0-0 Nc6 10. e3 cxd4 11. Nxd4 Bd7 12. Ndb5 Ne8 13. Rad1 d5 14. cxd5 exd5 15. Nxd5 Qc5 16. Nd4 Nxd4 17. Qxd4 Qxd4 18. Rxd4 Bc6 19. Ne7+ Kh8 20. Nxc6 bxc6 21. Bxc6 Rb8 22. Bxe8 Rfxe8 23. b3 Kg8 24. Rc1 Kf8 25. Rd7 Re7 26. Rxe7 Kxe7 27. Rc7+ Kf6 28. Rxa7 1-0

[Event "LTU-ch Rapid"]
[Site "Taujenai"]
[Date "2022.12.03"]
[Round "2"]
[White "Grybas, Gintaras"]
[Black "Sakalauskas, Vaidas"]
[Result "0-1"]
[WhiteElo "1888"]
[BlackElo "2317"]
[PlyCount "172"]
[EventDate "2022.12.03"]
[EventType "swiss (rapid)"]
[EventRounds "10"]
[EventCountry "LTU"]
[SourceTitle "CBM 211 Extra"]
[Source "ChessBase"]
[SourceDate "2023.01.31"]
[SourceVersion "1"]
[SourceVersionDate "2023.01.31"]
[SourceQuality "1"]

1. d4 Nf6 2. c4 e5 3. dxe5 Ng4 4. Nf3 Bc5 5. e3 Nc6 6. Be2 0-0 7. 0-0 Re8 8. Nc3 Ngxe5 9. Nxe5 Nxe5 10. b3 a5 11. Bb2 Ra6 12. Ne4 Ba7 13. Qd5 Qe7 14. Qxe5 Qxe5 15. Bxe5 Rxe5 16. Ng3 Rf6 17. Bf3 d6 18. Rfd1 g6 19. Rd2 Rfe6 20. Rad1 Bc5 21. Rd5 Bb4 22. Ne2 c6 23. Rxe5 Rxe5 24. Nc1 Re7 25. h3 h5 26. Nd3 Ba3 27. Ne1 Bf5 28. g4 hxg4 29. hxg4 Be6 30. Nc2 Bc5 31. a3 Rd7 32. a4 Re7 33. Nd4 Bd7 34. Kg2 Re5 35. Ne2 Rg5 36. Kh3 f5 37. gxf5 Rxf5 38. Kg2 Rg5+ 39. Ng3 Bf5 40. e4 Be6 41. Kf1 Bh3+ 42. Ke2 Re5 43. Rg1 Kf7 44. Rh1 Bd7 45. Rh7+ Ke8 46. Rh8+ Ke7 47. Rh7+ Kd8 48. Rg7 g5 49. Nh5 g4 50. Rxd7+ Kxd7 51. Bxg4+ Kc7 52. Kd3 Bxf2 53. Nf4 Bg3 54. Ne6+ Kb6 55. Bf5 Bf2 56. Ke2 Bc5 57. Kd3 d5 58. cxd5 cxd5 59. Nf4 dxe4+ 60. Bxe4 Rg5 61. Nd5+ Ka7 62. Kc4 Bb6 63. b4 Rg4 64. Kd3 axb4 65. Nxb4 Bc5 66. Na2 Ka6 67. Nc3 b6 68. Bc6 Ka5 69. Ne4 Kb4 70. Bb5 Rh4 71. Nf6 Kb3 72. Ne4 Rh3+ 73. Kd2 Bd4 74. Nd6 Be3+ 75. Ke2 Bc5 76. Nc4 Rc3 77. Nd2+ Kb4 78. Kd1 Bd4 79. Ke2 Re3+ 80. Kd1 Bc3 81. Kc2 Bxd2 82. Kxd2 Ra3 83. Kc2 Rxa4 84. Bxa4 Kxa4 85. Kc3 b5 86. Kb2 Kb4 0-1

[Event "LTU-ch sf"]
[Site "Kaunas"]
[Date "2021.09.27"]
[Round "6"]
[White "Grybas, Gintaras"]
[Black "Praspaliauskas, Matas"]
[Result "1/2-1/2"]
[WhiteElo "2007"]
[BlackElo "1313"]
[PlyCount "145"]
[EventDate "2021.09.24"]
[EventType "swiss"]
[EventRounds "8"]
[EventCountry "LTU"]
[SourceTitle "EXT 2023"]
[Source "ChessBase"]
[SourceDate "2022.10.05"]
[SourceVersion "1"]
[SourceVersionDate "2022.10.05"]
[SourceQuality "1"]

1. d4 Nf6 2. c4 e6 3. Nf3 d5 4. Nc3 Be7 5. Bf4 0-0 6. e3 a6 7. c5 b6 8. b4 Bd7 9. Bd3 a5 10. a3 axb4 11. axb4 Nc6 12. Rb1 Nh5 13. Be5 f6 14. Bg3 Nxg3 15. hxg3 g6 16. Ne2 e5 17. b5 Nxd4 18. Nfxd4 exd4 19. c6 Bg4 20. f3 Be6 21. exd4 Bd6 22. Kf2 Ra2 23. Rh6 Qe7 24. Qb3 Ra3 25. Qc2 Re8 26. Rbh1 Bf5 27. Be4 dxe4 28. Qc4+ Be6 29. d5 e3+ 30. Ke1 Bb4+ 31. Kd1 Ra1+ 32. Kc2 Bf5+ 33. Kb3 Rxh1 34. Rxh1 Bc5 35. d6+ Qe6 36. d7 Ra8 37. Ra1 Qxc4+ 38. Kxc4 Rd8 39. Rd1 Kf7 40. Kc3 Ke7 41. Nf4 Bd6 42. Nd5+ Kf7 43. Nxe3 Bxd7 44. cxd7 Rxd7 45. g4 Be5+ 46. Kc4 Rxd1 47. Nxd1 Ke6 48. Nf2 f5 49. gxf5+ gxf5 50. Nh3 h6 51. Nf2 Bg3 52. Nd3 f4 53. Kd4 Kd6 54. Nb4 Bf2+ 55. Kc4 Be3 56. Nc6 h5 57. Nd8 Ke7 58. Nc6+ Kd6 59. Nb4 h4 60. Nc6 Bc5 61. Nd8 Ke7 62. Nc6+ Kd6 63. Nb8 Bf2 64. Na6 Bc5 65. Nb8 Bf2 66. Nc6 Bc5 67. Kc3 Bf2 68. Kd3 Kc5 69. Na7 Kd5 70. Kc3 Be1+ 71. Kd3 Bf2 72. Nc8 Kc5 73. Na7 1/2-1/2

[Event "LTU-ch sf"]
[Site "Kaunas"]
[Date "2021.09.26"]
[Round "5"]
[White "Povilaitis, Tomas"]
[Black "Grybas, Gintaras"]
[Result "1-0"]
[WhiteElo "1973"]
[BlackElo "2007"]
[PlyCount "73"]
[EventDate "2021.09.24"]
[EventType "swiss"]
[EventRounds "8"]
[EventCountry "LTU"]
[SourceTitle "EXT 2023"]
[Source "ChessBase"]
[SourceDate "2022.10.05"]
[SourceVersion "1"]
[SourceVersionDate "2022.10.05"]
[SourceQuality "1"]

1. e4 c6 2. c4 d5 3. exd5 cxd5 4. cxd5 Nf6 5. Qa4+ Nbd7 6. Nc3 g6 7. Nf3 Bg7 8. Bc4 0-0 9. d3 b6 10. 0-0 Bb7 11. Be3 a6 12. Qa3 b5 13. Bb3 Re8 14. Qb4 Nf8 15. Bd4 Rb8 16. Be5 Rc8 17. a4 N8d7 18. Bxf6 Nxf6 19. axb5 Nxd5 20. Nxd5 Bxd5 21. Bxd5 Qxd5 22. bxa6 Rb8 23. Qc4 Qxc4 24. dxc4 Bxb2 25. Ra2 Bf6 26. a7 Ra8 27. Rb1 Rec8 28. Rb7 Kf8 29. c5 Ke8 30. Kf1 Kd8 31. Rd2+ Ke8 32. Rd3 h5 33. c6 e5 34. Nd2 Rxc6 35. Rb8+ Rc8 36. Rxc8+ Rxc8 37. Rb3 1-0

[Event "LTU-ch Amateurs"]
[Site "Kaunas"]
[Date "2020.08.30"]
[Round "7"]
[White "Grybas, Gintaras"]
[Black "Valantiejus, Vaidotas"]
[Result "1/2-1/2"]
[WhiteElo "1997"]
[BlackElo "2099"]
[PlyCount "112"]
[EventDate "2020.08.27"]
[EventType "swiss"]
[EventRounds "7"]
[EventCountry "LTU"]
[SourceTitle "EXT 2022"]
[Source "ChessBase"]
[SourceDate "2021.10.06"]
[SourceVersion "1"]
[SourceVersionDate "2021.10.06"]
[SourceQuality "1"]

1. d4 Nf6 2. c4 c5 3. dxc5 e6 4. Nc3 Bxc5 5. Nf3 0-0 6. e3 d5 7. cxd5 exd5 8. Be2 Nc6 9. 0-0 a6 10. b3 Ba7 11. Bb2 Qd6 12. Qd2 Bg4 13. Rfd1 Rad8 14. Ng5 Bb8 15. g3 Bc8 16. Rac1 h6 17. Nf3 Ba7 18. Bf1 Bg4 19. Bg2 Qe6 20. Re1 Rfe8 21. Nd4 Nxd4 22. exd4 Qd7 23. Re5 Bb8 24. Rxe8+ Rxe8 25. Re1 Rxe1+ 26. Qxe1 b5 27. Ba3 Be6 28. Bc5 Bc7 29. b4 Qc6 30. Qe2 Bd8 31. Bf1 Bc8 32. Qe5 Qc7 33. Bg2 Be6 34. f4 Qd7 35. Qb8 Kh7 36. Qa8 Bh3 37. Nxd5 Bxg2 38. Nxf6+ Bxf6 39. Kxg2 Qe6 40. Kf3 Qxa2 41. Qe4+ g6 42. d5 Qxh2 43. d6 Qh1+ 44. Ke3 Qe1+ 45. Kf3 Qd1+ 46. Ke3 Kg7 47. Qc6 Qe1+ 48. Kd3 Qxg3+ 49. Ke2 Qxf4 50. d7 Qc4+ 51. Kf3 Qd3+ 52. Kg2 h5 53. Qc8 Qe2+ 54. Kg1 Qe1+ 55. Kg2 Qe2+ 56. Kg1 Qe1+ 1/2-1/2

[Event "Jonava Banaitis Memorial"]
[Site "Jonava"]
[Date "2020.01.19"]
[Round "2.8"]
[White "Vaznonis, Vytautas"]
[Black "Grybas, Gintaras"]
[Result "1-0"]
[WhiteElo "2238"]
[BlackElo "1861"]
[PlyCount "62"]
[EventDate "2020.01.19"]
[EventType "swiss (rapid)"]
[EventRounds "9"]
[EventCountry "LTU"]
[SourceTitle "EXT 2023"]
[Source "ChessBase"]
[SourceDate "2022.10.05"]
[SourceVersion "1"]
[SourceVersionDate "2022.10.05"]
[SourceQuality "1"]

1. d4 Nf6 2. c4 e6 3. Nc3 d5 4. cxd5 exd5 5. Bg5 Be7 6. e3 c6 7. Qc2 Bg4 8. Bd3 Bh5 9. Nf3 Bg6 10. 0-0 Bxd3 11. Qxd3 0-0 12. Rab1 Nbd7 13. b4 h6 14. Bh4 Rc8 15. Bg3 b5 16. a4 a6 17. a5 Ne8 18. e4 dxe4 19. Nxe4 Ndf6 20. Rfe1 Nxe4 21. Qxe4 Bd6 22. Ne5 Bxe5 23. dxe5 Qd5 24. Qg4 Nc7 25. Rbd1 Qe6 26. Qe4 Nd5 27. Rd3 c5 28. Qxd5 Qxd5 29. Rxd5 cxb4 30. f4 b3 31. Rb1 Ra8 1-0

[Event "LTU-chT"]
[Site "Lithuania"]
[Date "2019.04.28"]
[Round "7.6"]
[White "Stalemekas, Ernestas"]
[Black "Grybas, Gintaras"]
[Result "1-0"]
[WhiteElo "2122"]
[BlackElo "1988"]
[PlyCount "101"]
[EventDate "2019.01.26"]
[EventType "team-swiss"]
[EventRounds "7"]
[EventCountry "LTU"]
[SourceTitle "CBM 190 Extra"]
[Source "ChessBase"]
[SourceDate "2019.07.15"]
[SourceVersion "1"]
[SourceVersionDate "2019.07.15"]
[SourceQuality "1"]
[WhiteTeam "Rokiskis"]
[BlackTeam "Vilnius LASF"]
[WhiteTeamCountry "LTU"]
[BlackTeamCountry "LTU"]

1. d4 Nf6 2. Nf3 d5 3. c4 c6 4. Nc3 Bf5 5. Bg5 e6 6. e3 Nbd7 7. Bd3 Bxd3 8. Qxd3 Be7 9. 0-0 0-0 10. Bxf6 Nxf6 11. Ne5 Nd7 12. f4 f5 13. Nxd7 Qxd7 14. c5 b6 15. b4 Qc7 16. a4 a5 17. cxb6 Qxb6 18. b5 Bb4 19. Na2 cxb5 20. Qxb5 Qxb5 21. axb5 Be7 22. Rfc1 a4 23. Rc7 Kf7 24. Nc3 a3 25. b6 Rac8 26. Nb5 Rxc7 27. bxc7 Rc8 28. Rc1 a2 29. Ra1 Ke8 30. Rxa2 Kd7 31. Ra6 Bf8 32. Kf2 Be7 33. Ke2 h5 34. h3 g5 35. fxg5 Bxg5 36. Rd6+ Ke7 37. Rb6 f4 38. Rb8 Kd7 39. Rxc8 Kxc8 40. exf4 Bxf4 41. Kf3 Bg5 42. g3 Bh6 43. h4 Bc1 44. g4 hxg4+ 45. Kxg4 Kd7 46. Kh5 Bb2 47. Kg5 e5 48. dxe5 Bxe5 49. Kf5 Bh8 50. h5 Bg7 51. Nd6 1-0

[Event "IBCA Wch blind 14th"]
[Site "Cagliari"]
[Date "2019.04.09"]
[Round "4"]
[White "Grybas, Gintaras"]
[Black "Tuka, Oleg"]
[Result "0-1"]
[WhiteElo "2006"]
[BlackElo "2367"]
[PlyCount "80"]
[EventDate "2019.04.06"]
[EventType "swiss"]
[EventRounds "9"]
[EventCountry "ITA"]
[SourceTitle "CBM 189 Extra"]
[Source "ChessBase"]
[SourceDate "2019.05.31"]
[SourceVersion "1"]
[SourceVersionDate "2019.05.31"]
[SourceQuality "1"]

1. d4 Nf6 2. Nf3 e6 3. c4 Bb4+ 4. Bd2 Be7 5. Bf4 b6 6. e3 Bb7 7. h3 0-0 8. Be2 Ne4 9. 0-0 d6 10. Nfd2 f5 11. Nxe4 Bxe4 12. Nc3 Bb7 13. Bf3 c6 14. g4 Bg5 15. Bg3 Qe7 16. gxf5 exf5 17. d5 c5 18. Nb5 Rd8 19. Qd3 a6 20. Nc3 Nd7 21. Bg2 g6 22. f4 Bf6 23. Rae1 b5 24. b3 Qg7 25. Nb1 Bc8 26. e4 fxe4 27. Bxe4 Bd4+ 28. Kh2 Nf6 29. Bf2 Nxe4 30. Bxd4 cxd4 31. Qxe4 Bf5 32. Qf3 bxc4 33. bxc4 Rab8 34. Nd2 Rb2 35. Rf2 d3 36. Ne4 Qd4 37. Nd2 Rxa2 38. Kg3 Rc2 39. Ne4 d2 40. Rxd2 Rxd2 0-1

[Event "IBCA Wch blind 14th"]
[Site "Cagliari"]
[Date "2019.04.08"]
[Round "3"]
[White "Grybas, Gintaras"]
[Black "Pugliese, Giuseppe"]
[Result "1-0"]
[WhiteElo "2006"]
[BlackElo "1648"]
[PlyCount "54"]
[EventDate "2019.04.06"]
[EventType "swiss"]
[EventRounds "9"]
[EventCountry "ITA"]
[SourceTitle "CBM 189 Extra"]
[Source "ChessBase"]
[SourceDate "2019.05.31"]
[SourceVersion "1"]
[SourceVersionDate "2019.05.31"]
[SourceQuality "1"]

1. d4 d5 2. c4 Nc6 3. Nc3 e6 4. Bf4 a6 5. e3 Nf6 6. Nf3 h6 7. Ne5 Bb4 8. Bd3 dxc4 9. Nxc6 bxc6 10. Bxc4 Nd5 11. Qd3 Nxf4 12. exf4 0-0 13. 0-0 Bxc3 14. bxc3 Rb8 15. Rab1 Rb6 16. Rb3 Rxb3 17. axb3 c5 18. dxc5 Qe7 19. b4 Rd8 20. Qe3 Qd7 21. h3 Bb7 22. Be2 Qa4 23. Qe5 Rd2 24. Bg4 Bc6 25. Qxc7 Bb5 26. f5 Qc2 27. fxe6 Rxf2 1-0

[Event "IBCA Wch blind 14th"]
[Site "Cagliari"]
[Date "2019.04.06"]
[Round "1"]
[White "Grybas, Gintaras"]
[Black "Dayan, Itay"]
[Result "1-0"]
[WhiteElo "2006"]
[BlackElo "1409"]
[PlyCount "33"]
[EventDate "2019.04.06"]
[EventType "swiss"]
[EventRounds "9"]
[EventCountry "ITA"]
[SourceTitle "CBM 189 Extra"]
[Source "ChessBase"]
[SourceDate "2019.05.31"]
[SourceVersion "1"]
[SourceVersionDate "2019.05.31"]
[SourceQuality "1"]

1. d4 Nf6 2. c4 g6 3. Nc3 d5 4. Bg5 Ne4 5. Bh4 Bg7 6. e3 0-0 7. Nxd5 c6 8. Nxe7+ Kh8 9. Nxg6+ fxg6 10. Bxd8 Nxf2 11. Qd2 Nxh1 12. Bh4 Bf5 13. Nf3 Nd7 14. 0-0-0 Rae8 15. Bg5 Nf6 16. Bxf6 Bxf6 17. Re1 1-0

[Event "LTU-chT"]
[Site "Lithuania"]
[Date "2019.03.30"]
[Round "4.1"]
[White "Eigminas, Kipras"]
[Black "Grybas, Gintaras"]
[Result "0-1"]
[WhiteElo "2034"]
[BlackElo "1988"]
[PlyCount "66"]
[EventDate "2019.01.26"]
[EventType "team-swiss"]
[EventRounds "7"]
[EventCountry "LTU"]
[SourceTitle "CBM 189 Extra"]
[Source "ChessBase"]
[SourceDate "2019.05.31"]
[SourceVersion "1"]
[SourceVersionDate "2019.05.31"]
[SourceQuality "1"]
[WhiteTeam "Vilnius Tauras"]
[BlackTeam "Vilnius LASF"]
[WhiteTeamCountry "LTU"]
[BlackTeamCountry "LTU"]

1. e4 c6 2. Nf3 d5 3. Nc3 Bg4 4. h3 Bxf3 5. Qxf3 e6 6. Be2 Nd7 7. 0-0 dxe4 8. Nxe4 Ngf6 9. d4 Nxe4 10. Qxe4 Nf6 11. Qd3 Be7 12. Rd1 0-0 13. c4 Qc7 14. b3 Rad8 15. Qe3 Rd7 16. Bb2 Rfd8 17. Bf3 b6 18. Qe5 Bd6 19. Qe1 a5 20. Bc3 c5 21. d5 exd5 22. Bxf6 gxf6 23. Rxd5 Be5 24. Rad1 Rxd5 25. Bxd5 Bd4 26. Qe4 Qe5 27. Qg4+ Qg5 28. Qf3 Re8 29. Be4 Kg7 30. g3 h5 31. Kh1 Bxf2 32. h4 Qxg3 33. Rg1 Qxg1# 0-1

[Event "LTU-ch blind"]
[Site "Vilnius"]
[Date "2019.03.04"]
[Round "4"]
[White "Kuvsinov, Anatolij"]
[Black "Grybas, Gintaras"]
[Result "1/2-1/2"]
[WhiteElo "1768"]
[BlackElo "1988"]
[PlyCount "80"]
[EventDate "2019.03.02"]
[EventType "tourn"]
[EventRounds "9"]
[EventCountry "LTU"]
[SourceTitle "CBM 189 Extra"]
[Source "ChessBase"]
[SourceDate "2019.05.31"]
[SourceVersion "1"]
[SourceVersionDate "2019.05.31"]
[SourceQuality "1"]

1. c4 c6 2. Nc3 d5 3. cxd5 cxd5 4. d4 Nf6 5. Nf3 g6 6. e3 Bg7 7. Bb5+ Bd7 8. Bd3 0-0 9. Ne5 Nc6 10. f4 Rb8 11. 0-0 Bf5 12. Bxf5 gxf5 13. Nxc6 bxc6 14. Qc2 e6 15. Na4 Qd6 16. Bd2 Ne4 17. Ba5 Rfc8 18. b4 Bf6 19. Nc3 Nxc3 20. Qxc3 Bd8 21. Bxd8 Qxd8 22. Rfc1 a5 23. Rab1 Rb5 24. a4 Rxb4 25. Rxb4 axb4 26. Qxb4 Qc7 27. a5 Qa7 28. Qb6 Qxb6 29. axb6 Kf8 30. Kf2 Ke7 31. b7 Rb8 32. Rxc6 Rxb7 33. Rc8 Kf6 34. Rg8 Rb2+ 35. Kf3 h6 36. h3 Ra2 37. g4 fxg4+ 38. hxg4 Rh2 39. Rh8 Kg7 40. Rb8 Kf6 1/2-1/2

[Event "Vilnius Zavanelli Memorial op-B"]
[Site "Vilnius"]
[Date "2018.10.28"]
[Round "6"]
[White "Eigminas, Kipras"]
[Black "Grybas, Gintaras"]
[Result "1/2-1/2"]
[WhiteElo "2016"]
[BlackElo "1971"]
[PlyCount "61"]
[EventDate "2018.10.25"]
[EventType "swiss"]
[EventRounds "7"]
[EventCountry "LTU"]
[SourceTitle "EXT 2021"]
[Source "ChessBase"]
[SourceDate "2020.10.23"]
[SourceVersion "1"]
[SourceVersionDate "2020.10.23"]
[SourceQuality "1"]

1. e4 c6 2. Nc3 d5 3. Nf3 dxe4 4. Nxe4 Bg4 5. h3 Bxf3 6. Qxf3 e6 7. Be2 Nd7 8. 0-0 Ngf6 9. d4 Nxe4 10. Qxe4 Nf6 11. Qd3 Bd6 12. Rd1 Nd5 13. c4 Nf4 14. Bxf4 Bxf4 15. b4 0-0 16. a4 b6 17. Bf3 Rc8 18. a5 Qe7 19. g3 Bg5 20. axb6 axb6 21. Ra6 Qxb4 22. Rb1 Qd6 23. Rbxb6 Rfd8 24. Rxc6 Rxc6 25. Rxc6 Qxd4 26. Qxd4 Rxd4 27. Kf1 Kf8 28. Rc7 Bd8 29. Rc6 Ke7 30. Ke2 Ba5 31. Ke3 1/2-1/2

[Event "Kaunas Amateur-ch"]
[Site "Kaunas"]
[Date "2018.08.26"]
[Round "8"]
[White "Grybas, Gintaras"]
[Black "Salna, Aleksandras"]
[Result "0-1"]
[WhiteElo "1994"]
[BlackElo "1915"]
[PlyCount "68"]
[EventDate "2018.08.18"]
[EventType "swiss"]
[EventRounds "8"]
[EventCountry "LTU"]
[SourceTitle "CBM 186 Extra"]
[Source "ChessBase"]
[SourceDate "2018.08.24"]
[SourceVersion "1"]
[SourceVersionDate "2018.08.24"]
[SourceQuality "1"]

1. d4 d5 2. c4 c6 3. Nc3 Nf6 4. Nf3 a6 5. e3 Bf5 6. Bd3 Bg6 7. Bxg6 hxg6 8. Qb3 Ra7 9. cxd5 cxd5 10. Ne5 e6 11. Bd2 Nfd7 12. Qa4 b6 13. b4 Rc7 14. Rc1 b5 15. Qa5 Nxe5 16. dxe5 Qc8 17. a4 Nc6 18. Qb6 Nxb4 19. axb5 Nd3+ 20. Ke2 Nxc1+ 21. Rxc1 axb5 22. Ra1 Rb7 23. Qa6 b4 24. Qa4+ Ke7 25. Nxd5+ exd5 26. Bxb4+ Ke6 27. Qa6+ Kd7 28. Rc1 Qxc1 29. Qxb7+ Ke6 30. Qb6+ Kf5 31. g4+ Kxg4 32. Qd4+ Kh5 33. Qxd5 Qc2+ 34. Bd2 Qf5 0-1

[Event "LTU-ch blind and visually impaired"]
[Site "Kaunas"]
[Date "2018.04.10"]
[Round "5.3"]
[White "Grybas, Gintaras"]
[Black "Rutkauskas, Gediminas"]
[Result "1/2-1/2"]
[WhiteElo "2018"]
[BlackElo "1847"]
[PlyCount "76"]
[EventDate "2018.04.07"]
[EventType "tourn"]
[EventRounds "5"]
[EventCountry "LTU"]
[SourceTitle "EXT 2024"]
[Source "ChessBase"]
[SourceDate "2023.10.10"]
[SourceVersion "1"]
[SourceVersionDate "2023.10.10"]
[SourceQuality "1"]

1. d4 Nf6 2. c4 e6 3. Nf3 Be7 4. g3 b6 5. Bg2 Bb7 6. 0-0 0-0 7. Nc3 Ne4 8. Qc2 Nxc3 9. Qxc3 d6 10. Qd3 Nd7 11. h4 Bxf3 12. Bxf3 Rb8 13. b3 e5 14. e3 f5 15. Bd5+ Kh8 16. Be6 e4 17. Qe2 Rf6 18. Bxd7 Qxd7 19. f3 Rbf8 20. f4 Rg6 21. Kf2 Rg4 22. Bb2 Qd8 23. Rh1 h5 24. d5 Bf6 25. b4 Bxb2 26. Qxb2 Qf6 27. Qxf6 Rxf6 28. a4 Rf8 29. a5 Rc8 30. Rhc1 Rg6 31. axb6 axb6 32. Ra6 Rf6 33. c5 bxc5 34. bxc5 Rb8 35. Rc2 Rb5 36. Ra8+ Kh7 37. Rc8 dxc5 38. Rxc7 Rd6 1/2-1/2

[Event "LTU-ch blind and visually impaired"]
[Site "Kaunas"]
[Date "2018.04.08"]
[Round "3.3"]
[White "Kuvsinov, Anatolij"]
[Black "Grybas, Gintaras"]
[Result "1-0"]
[WhiteElo "1754"]
[BlackElo "2018"]
[PlyCount "169"]
[EventDate "2018.04.07"]
[EventType "tourn"]
[EventRounds "5"]
[EventCountry "LTU"]
[SourceTitle "EXT 2024"]
[Source "ChessBase"]
[SourceDate "2023.10.10"]
[SourceVersion "1"]
[SourceVersionDate "2023.10.10"]
[SourceQuality "1"]

1. Nf3 d5 2. g3 c6 3. Bg2 h6 4. d3 Bf5 5. Nbd2 Nf6 6. b3 Nbd7 7. Bb2 e6 8. 0-0 Be7 9. c4 0-0 10. Re1 Bh7 11. Qc2 a5 12. a3 b5 13. Nd4 Qb6 14. cxb5 cxb5 15. Qc6 Qxc6 16. Nxc6 Bd6 17. Nd4 b4 18. Nb5 Bc5 19. d4 bxa3 20. Bxa3 Bxa3 21. Rxa3 Rfb8 22. Nc3 Rb4 23. e3 Bd3 24. Rc1 Kf8 25. Bf1 Bxf1 26. Kxf1 e5 27. Nf3 e4 28. Ne5 Rc8 29. Nxd7+ Nxd7 30. Ke2 Nf6 31. Na2 Rxc1 32. Nxc1 Rb5 33. h3 Ke7 34. Kd2 Kd6 35. Kc2 Kc6 36. Ne2 Kb6 37. Nc3 Rb4 38. Na4+ Kc6 39. Nc5 Rb5 40. Na4 Rb8 41. Nc5 Kb5 42. Ra1 Rc8 43. Kb2 Rc7 44. Na4 Rc8 45. g4 g6 46. Nc5 Rc7 47. Rg1 Nd7 48. Nxd7 Rxd7 49. Rc1 a4 50. Rc5+ Kb4 51. bxa4 Kxa4 52. Kc3 f5 53. gxf5 gxf5 54. Rc6 f4 55. Rxh6 fxe3 56. fxe3 Rf7 57. Rh5 Rf2 58. Rxd5 Re2 59. Re5 Rxe3+ 60. Kc4 Rxh3 61. Rxe4 Rh1 62. Re5 Rc1+ 63. Kd5 Kb5 64. Kd6+ Kb6 65. Re7 Rc6+ 66. Ke5 Rc1 67. d5 Re1+ 68. Kd6 Rd1 69. Rh7 Rd2 70. Ke6 Rd1 71. d6 Kc6 72. Rc7+ Kb6 73. Rc2 Kb7 74. Kd7 Re1 75. Rb2+ Ka7 76. Kc7 Rc1+ 77. Kd8 Re1 78. d7 Re3 79. Rb5 Ka6 80. Rb1 Ka7 81. Rb4 Re1 82. Kc7 Rc1+ 83. Kd6 Rd1+ 84. Ke6 Ka8 85. Rb5 1-0

[Event "LTU-chT"]
[Site "Lithuania"]
[Date "2018.03.25"]
[Round "5.1"]
[White "Stremavicius, Pijus"]
[Black "Grybas, Gintaras"]
[Result "0-1"]
[WhiteElo "1862"]
[BlackElo "2034"]
[PlyCount "112"]
[EventDate "2018.01.27"]
[EventType "team-swiss"]
[EventRounds "7"]
[EventCountry "LTU"]
[SourceTitle "EXT 2019"]
[Source "ChessBase"]
[SourceDate "2018.10.10"]
[SourceVersion "1"]
[SourceVersionDate "2018.10.10"]
[SourceQuality "1"]
[WhiteTeam "Kaunas Margiris II"]
[BlackTeam "Vilnius LASF"]
[WhiteTeamCountry "LTU"]
[BlackTeamCountry "LTU"]

1. d4 d5 2. c4 e6 3. Nc3 Nf6 4. cxd5 exd5 5. Bg5 c6 6. e3 Be7 7. Bd3 Bg4 8. Qb3 Qb6 9. Nge2 Qxb3 10. axb3 Nbd7 11. f3 Be6 12. e4 dxe4 13. fxe4 Bxb3 14. e5 Nd5 15. Bxe7 Nxe7 16. Ne4 0-0 17. 0-0 a5 18. N2c3 b5 19. Rf3 a4 20. g4 f6 21. exf6 Nxf6 22. Rg3 Rad8 23. Re1 Nxe4 24. Nxe4 Ng6 25. Ng5 Rxd4 26. Nxh7 Kxh7 27. Rh3+ Kg8 28. Bxg6 Rxg4+ 29. Rg3 Rxg3+ 30. hxg3 Bd5 31. Re7 Bf7 32. Bf5 g6 33. Bd7 Bd5 34. Be6+ Bxe6 35. Rxe6 Kg7 36. Rxc6 Rf3 37. Kg2 Rb3 38. Rc2 Kf6 39. Re2 Kf5 40. Kh3 g5 41. Rf2+ Kg6 42. Kg4 Rb4+ 43. Kf3 g4+ 44. Ke3 Kg5 45. Rg2 Kf5 46. Rd2 Rb3+ 47. Kf2 b4 48. Rc2 Ke5 49. Rd2 a3 50. bxa3 bxa3 51. Rd8 Ke4 52. Re8+ Kd4 53. Rd8+ Kc3 54. Ke3 a2 55. Ra8 Kb2+ 56. Kf4 Rb4+ 0-1

[Event "LTU-ch"]
[Site "Kaunas"]
[Date "2018.03.05"]
[Round "6"]
[White "Vardanyan, Aras"]
[Black "Grybas, Gintaras"]
[Result "0-1"]
[WhiteElo "1710"]
[BlackElo "2034"]
[PlyCount "50"]
[EventDate "2018.03.02"]
[EventType "swiss"]
[EventRounds "9"]
[EventCountry "LTU"]
[SourceTitle "CBM 183 Extra"]
[Source "ChessBase"]
[SourceDate "2018.04.19"]
[SourceVersion "1"]
[SourceVersionDate "2018.04.19"]
[SourceQuality "1"]

1. d4 d5 2. c4 e6 3. Nf3 Nf6 4. Nc3 Be7 5. e3 0-0 6. Bd3 b6 7. cxd5 exd5 8. 0-0 Bb7 9. Bd2 c5 10. Rc1 Nc6 11. Ne2 Rc8 12. Bf5 Rc7 13. b3 g6 14. Bb1 Ba6 15. Re1 Ne4 16. Nc3 f5 17. Ne5 cxd4 18. Nxc6 Rxc6 19. exd4 Ba3 20. Nxe4 Bxc1 21. Nf6+ Qxf6 22. Bxc1 f4 23. Ba3 Rf7 24. Bd3 Bxd3 25. Qxd3 f3 0-1